ภาษิต คำพังเพย สำนวนไทยประเภทต่าง ๆ ในพจนานุกรมฉบับราชบัณฑิตยสถาน พ.ศ.2525 [7th] (ระเบียนเลขที่ 7495)
| 000 -LEADER | |
|---|---|
| fixed length control field | 00816nam a22001817a 4500 |
| 005 - DATE AND TIME OF LATEST TRANSACTION | |
| control field | 20210325175720.0 |
| 008 - FIXED-LENGTH DATA ELEMENTS--GENERAL INFORMATION | |
| fixed length control field | s2535 th tha d |
| 041 ## - LANGUAGE CODE | |
| Language code of text/sound track or separate title | tha |
| 050 ## - LIBRARY OF CONGRESS CALL NUMBER | |
| Classification number | PN6519.T45 ร421ภ 2535 |
| 245 10 - TITLE STATEMENT | |
| Title | ภาษิต คำพังเพย สำนวนไทยประเภทต่าง ๆ ในพจนานุกรมฉบับราชบัณฑิตยสถาน พ.ศ.2525 [7th] |
| 260 3# - PUBLICATION, DISTRIBUTION, ETC. | |
| Place of publication, distribution, etc. | กรุงเทพฯ : |
| Name of publisher, distributor, etc. | โรงพิมพ์มหาจุฬาลงกรณ์ราชวิทยาลัย, |
| Date of publication, distribution, etc. | 2535 |
| 300 ## - PHYSICAL DESCRIPTION | |
| Extent | 71 หน้า ; |
| Other physical details | 21 ซม. |
| 650 04 - SUBJECT ADDED ENTRY--TOPICAL TERM | |
| Topical term or geographic name entry element | สำนวนโวหาร |
| 650 04 - SUBJECT ADDED ENTRY--TOPICAL TERM | |
| Topical term or geographic name entry element | สุภาษิตและคำพังเพยไทย |
| 850 ## - HOLDING INSTITUTION | |
| Holding institution | NALT |
| 942 ## - ADDED ENTRY ELEMENTS (KOHA) | |
| Koha item type | General Book |
| 997 ## - | |
| -- | 000000000007495 |
| Withdrawn status | Lost status | Damaged status | Not for loan | Collection code | Home library | Current library | Total Checkouts | Full call number | Barcode | Date last seen | Price effective from | Koha item type |
|---|---|---|---|---|---|---|---|---|---|---|---|---|
| General Book collection | National Assembly Library of Thailand | National Assembly Library of Thailand | PN 6519.T45 ร421ภ 2535 | 3961108620 | 09/06/2017 | 09/06/2017 | General Book |
